Представление документа в формате MARC21

ПолеНазваниеЗначение
  Тип записи a
  Библиографический уровень m
001 Контрольный номер BIBLIOCLUB\0000699538
005 Дата корректировки 20260430154852.6
006 m o d
007 Элементы данных для физической характеристики c|||||||||||||
008 Кодируемые данные s2022 rus o rus d
041 Код языка издания 0_
a Код языка текста rus
084 Индекс другой классификации/Индекс ББК __
a Индекс другой классификации/Индекс ББК 46.6я73
b Номер единицы LBC/PL
2 Источник индекса rubbk
100 Автор 1_
a Автор Максимова О. В.
245 Заглавие 10
a Заглавие Овцеводство и козоводство: учебно-методическое пособие для обучающихся по направлению подготовки 36.03.02 Зоотехния
b Продолж. заглавия учебно-методическое пособие
c Ответственность О. В. Максимова, Р. Р. Рузимурадов
c Ответственность Санкт-Петербургский государственный аграрный университет (СПбГАУ)
260 Выходные данные __
a Место издания Санкт-Петербург
b Издательство Санкт-Петербургский государственный аграрный университет (СПбГАУ)
c Дата издания 2022
300 Физическое описание __
a Объем 105 с.
b Иллюстрации/ тип воспроизводства ил.
504 Библиография __
a Библиография Библиогр.: с. 99.
653 Ключевые слова 1_
a Ключевые слова Учебник для высшей школы
700 Другие авторы _1
a Другие авторы Рузимурадов Р. Р.
856 Электронный адрес документа 40
3 Область применения данных поля Университетская библиотека ONLINE
u URL https://biblioclub.ru/index.php?page=book&id=699538
900 Электронные ресурсы __
a Имя электронного ресурса https://img.biblioclub.ru/sm_cover/eb029af846402290824661912bb9f15b9n1mdkpsi9/cover.jpg